Name the Artist By Their Discography - Statistics

General Stats
  • This quiz has been taken 54 times
  • The average score is 29 of 71
Answer Stats
Albums Winner % Correct
The Slim Shady LP, The Marshall Mathers LP, Recovery Eminem
89%
Yeezus, 808s and Heartbreak, My Beautiful Dark Twisted Fantasy Kanye West
85%
Purple Rain, Sign o the Times, 1999 Prince
80%
Off the Wall, Thriller, Bad Michael Jackson
78%
To Pimp A Butterfly, good kid, m.A.A.d city, DAMN Kendrick Lamar
76%
Abbey Road, Revolver, Let it Be The Beatles
76%
Flower Boy, Igor, Wolf Tyler, The Creator
74%
LIVE.LOVE.A$AP, LONG.LIVE.A$AP, TESTING A$AP Rocky
72%
Dookie, American Idiot, Nimrod Green Day
70%
The Dark Side of the Moon, Animals, Wish You Were Here Pink Floyd
70%
In Utero, Nevermind, Bleach Nirvana
67%
Lemonade, Renaissance, I Am Sasha Fierce Beyonce
65%
Blackstar, The Rise and Fall of Ziggy Stardust, Heroes David Bowie
65%
Born to Run, Born in the USA, Nebraska Bruce Springsteen
61%
Born this Way, The Fame, The Fame Monster Lady Gaga
61%
Rodeo, Astroworld, Birds in the Trap Travis Scott
61%
1989, Red, Evermore Taylor Swift
57%
House of Balloons, Starboy, After Hours The Weeknd
57%
Views, If You're Reading This It's Too Late, Take Care Drake
54%
Blonde, Channel ORANGE, Nostalgia Ultra Frank Ocean
54%
Operation: Doomsday, mm... FOOD, Madvillainy MF DOOM
54%
Ride the Lightning, Master of Puppets, And Justice for All Metallica
50%
Kid A, OK Computer, In Rainbows Radiohead
50%
Savage Mode, American Dream, I Am > I Was 21 Savage
48%
Goodbye Yellow Brick Road, Madman Across the Water, Honky Chateau Elton John
48%
Norman F*cking Rockwell, Born to Die, Did you know there's a tunnel under Ocean Blvrd Lana Del Rey
48%
CTRL, SOS, Z SZA
48%
Rumours, Mirage, Tusk Fleetwood Mac
46%
Da Drought 2, Tha Carter 3, Dedication 5 Lil Wayne
46%
Good Girl Gone Bad, Rated R, ANTI Rihanna
46%
Songs in the Key of Life, Innervisions, Music of My Mind Stevie Wonder
43%
London Calling, Combat Rock, Give 'Em Enough Rope The Clash
43%
Demon Days, Plastic Beach, Humanz Gorillaz
41%
The Blueprint, Reasonable Doubt, 4:44 JAY-Z
41%
Legends Never Die, Death Race for Love, Goodbye and Good Riddance Juice WRLD
39%
Die Lit, Whole Lotta Red, Self Titled Playboi Carti
39%
Discovery, Homework, Random Access Memories Daft Punk
35%
Electric Ladyland, Are You Experienced, Axis: Bold As Love Jimi Hendrix
35%
LUV is Rage 2, Eternal Atake, Pink Tape Lil Uzi Vert
35%
ATLiens, Stankonia, Aquemini Outkast
35%
Me Against the World, All Eyez on Me, The 7 Day Theory 2Pac
33%
Illmatic, It Was Written, King's Disease 3 Nas
33%
Die for My B*tch, The Melodic Blue Baby Keem
30%
1999, All Amerikkkan Badass, 2000 Joey Badass
30%
Man on the Moon, Indicud, Passion Pain and Demon Slayin Kid Cudi
28%
Swimming, Faces, Circles Mac Miller
26%
A Night At the Opera, Jazz, Innuendo Queen
26%
Currents, The Slow Rush, Lonerism Tame Impala
26%
Jeffery, So Much Fun, Barter 6 Young Thug
26%
The Low End Theory, Midnight Marauders, Thank You 4 Your Service... We Got it From Here A Tribe Called Quest
24%
DS2, Monster, HNDRXX Future
24%
The Never Story, Dicaprio 2, The Forever Story JID
24%
Culture, No Label 2, Currency Migos
24%
Blank Face LP, Oxymoron, Blue Lips ScHoolboy Q
24%
TABOO, Melt My Eyez See Your Future, Imperial Denzel Curry
22%
Physical Graffiti, Houses of the Holy, Presence Led Zeppelin
22%
Malibu, Oxnard, Yes Lawd Anderson Paak
20%
Blonde on Blonde, Blood on the Tracks, Highway 61 Revisited Bob Dylan
20%
Red Moon in Venus, Isolation, ORQUIDEAS Kali Uchis
17%
Daytona, Its Almost Dry, My Name is My Name Pusha T
17%
Pray for Paris, And Then You Pray for Me, Hitler Wears Hermes Westside Gunn
17%
Tana Talk, The Plugs I Met, Everybody Can't Go Benny the Butcher
15%
XXX, Atrocity Exhibition, Scaring the Hoes Danny Brown
15%
GREY Area, Sometimes I Might Be Introvert, No Thank You Little Simz
15%
Is this It, Room on Fire, The New Abnormal The Strokes
15%
My Turn, Too Hard, It's Only Me Lil Baby
13%
Exodus, Confrontation, Kaya Bob Marley
11%
Black Messiah, Voodoo, Brown Sugar D'Angelo
9%
Like Clockwork, Songs for the Deaf, Rated R Queens of the Stone Age
9%
Love Deluxe, Diamond Life, Promise Sade
9%
Disintegration, P*rnography, Kiss Me Kiss Me The Cure
9%
No matching quizzes found
Score Distribution
Percent of People with Each Score
Percentile by Number Answered
Your Score History
You have not taken this quiz